000 00462nam a2200181Ia 4500
003 OSt
005 20230603124901.0
008 210423s2007 xx 000 0 und d
040 _cAL
041 _aeng
082 _a155.9042
_223
_bVIMS
100 _aVIMALA (T D).
_9119368
245 _aStress coping and management.
260 _aNew Delhi
_bSonali Publications
_c2007
365 _b850
_cINR
906 _acoping ; management. ; Stress
942 _2ddc
_cBK
999 _c174870
_d174870